[Event "Championnat de la Réunion Individuel 2026"]
[Site "Reunion"]
[Date "????.??.??"]
[Round "1.1"]
[White "RIVIERE, Etienne"]
[Black "FOLIO, Pierre"]
[Result "1/2-1/2"]
[WhiteTitle "-"]
[BlackTitle "-"]
[WhiteFideId "-"]
[BlackFideId "-"]
[WhiteElo "2062"]
[BlackElo "1787"]

1. Nf3 {[%clk 01:15:48]} {[%emt 00:00:11]} Nf6 {[%clk 01:15:50]} {[%emt
00:00:11]} 2. g3 {[%clk 01:15:52]} {[%emt 00:00:26]} g6 {[%clk 01:16:06]}
{[%emt 00:00:14]} 3. Bg2 {[%clk 01:16:12]} {[%emt 00:00:10]} Bg7 {[%clk
01:16:23]} {[%emt 00:00:13]} 4. O-O {[%clk 01:16:21]} {[%emt 00:00:20]} c5
{[%clk 01:16:37]} {[%emt 00:00:17]} 5. d4 {[%clk 01:10:58]} {[%emt 00:05:53]}
d5 {[%clk 01:14:37]} {[%emt 00:02:29]} 6. dxc5 {[%clk 01:03:58]} {[%emt
00:07:31]} Na6 {[%clk 01:08:26]} {[%emt 00:06:41]} 7. c4 {[%clk 00:59:10]}
{[%emt 00:05:18]} O-O {[%clk 01:04:04]} {[%emt 00:04:52]} 8. cxd5 {[%clk
00:57:37]} {[%emt 00:02:02]} Nxd5 {[%clk 01:02:14]} {[%emt 00:02:20]} 9. c6
{[%clk 00:51:51]} {[%emt 00:06:16]} bxc6 {[%clk 01:01:21]} {[%emt 00:01:24]} 10.
Qa4 {[%clk 00:50:25]} {[%emt 00:01:55]} Qb6 {[%clk 00:55:05]} {[%emt 00:06:46]}
11. Na3 {[%clk 00:40:59]} {[%emt 00:09:57]} Nc5 {[%clk 00:52:39]} {[%emt
00:02:55]} 12. Qh4 {[%clk 00:39:52]} {[%emt 00:01:37]} Ba6 {[%clk 00:45:46]}
{[%emt 00:07:24]} 13. Re1 {[%clk 00:38:09]} {[%emt 00:02:12]} Rab8 {[%clk
00:35:21]} {[%emt 00:10:55]} 14. Rb1 {[%clk 00:33:39]} {[%emt 00:05:01]} Qb4
{[%clk 00:27:50]} {[%emt 00:08:00]} 15. e4 {[%clk 00:19:49]} {[%emt 00:14:20]}
Nf6 {[%clk 00:09:18]} {[%emt 00:19:03]} 16. Bd2 {[%clk 00:16:39]} {[%emt
00:03:39]} Qa4 {[%clk 00:07:47]} {[%emt 00:02:01]} 17. Bc3 {[%clk 00:13:50]}
{[%emt 00:03:19]} Nd3 {[%clk 00:03:00]} {[%emt 00:05:16]} 18. Re3 {[%clk
00:09:50]} {[%emt 00:04:30]} Rfd8 {[%clk 00:02:50]} {[%emt 00:00:41]} 19. Bf1
{[%clk 00:05:50]} {[%emt 00:04:29]} h5 {[%clk 00:02:49]} {[%emt 00:00:31]} 20.
Be2 {[%clk 00:03:40]} {[%emt 00:02:40]} c5 {[%clk 00:02:40]} {[%emt 00:00:39]}
21. Ne5 {[%clk 00:01:25]} {[%emt 00:02:44]} Nxe5 {[%clk 00:02:41]} {[%emt
00:00:29]} 22. Bxe5 {[%clk 00:01:49]} {[%emt 00:00:07]} Bxe2 {[%clk 00:02:31]}
{[%emt 00:00:40]} 23. Rxe2 {[%clk 00:01:03]} {[%emt 00:01:16]} Rd1+ {[%clk
00:02:38]} {[%emt 00:00:22]} 24. Re1 {[%clk 00:01:08]} {[%emt 00:00:25]} Rxb1
{[%clk 00:02:29]} {[%emt 00:00:39]} 25. Nxb1 {[%clk 00:01:21]} {[%emt
00:00:18]} Rd8 {[%clk 00:01:53]} {[%emt 00:01:06]} 26. Nc3 {[%clk 00:01:45]}
{[%emt 00:00:06]} Qc2 {[%clk 00:01:54]} {[%emt 00:00:29]} 27. Qf4 {[%clk
00:01:35]} {[%emt 00:00:40]} Rd2 {[%clk 00:01:38]} {[%emt 00:00:46]} 28. Bxf6
{[%clk 00:01:01]} {[%emt 00:01:04]} Bxf6 {[%clk 00:01:55]} {[%emt 00:00:13]} 29.
e5 {[%clk 00:01:18]} {[%emt 00:00:13]} Bg7 {[%clk 00:01:30]} {[%emt 00:00:55]}
30. Ne4 {[%clk 00:00:50]} {[%emt 00:00:58]} Re2 {[%clk 00:01:18]} {[%emt
00:00:42]} 31. Rxe2 {[%clk 00:00:55]} {[%emt 00:00:25]} Qxe2 {[%clk 00:01:43]}
{[%emt 00:00:05]} 32. e6 {[%clk 00:00:40]} {[%emt 00:00:45]} fxe6 {[%clk
00:01:34]} {[%emt 00:00:39]} 33. Ng5 {[%clk 00:00:36]} {[%emt 00:00:33]} Qd1+
{[%clk 00:01:03]} {[%emt 00:01:01]} 34. Kg2 {[%clk 00:01:04]} {[%emt 00:00:03]}
Qd5+ {[%clk 00:01:24]} {[%emt 00:00:09]} 35. f3 {[%clk 00:00:49]} {[%emt
00:00:45]} Qf5 {[%clk 00:00:39]} {[%emt 00:01:16]} 36. Qb8+ {[%clk 00:01:12]}
{[%emt 00:00:07]} Bf8 {[%clk 00:00:55]} {[%emt 00:00:15]} 37. Ne4 {[%clk
00:01:15]} {[%emt 00:00:25]} g5 {[%clk 00:00:50]} {[%emt 00:00:36]} 38. Qxa7
{[%clk 00:00:53]} {[%emt 00:00:51]} g4 {[%clk 00:01:14]} {[%emt 00:00:07]} 39.
Qa3 {[%clk 00:01:12]} {[%emt 00:00:10]} Bg7 {[%clk 00:01:11]} {[%emt 00:00:34]}
40. Qe3 {[%clk 00:00:50]} {[%emt 00:00:52]} Bd4 {[%clk 00:00:35]} {[%emt
00:01:06]} 41. Qg5+ {[%clk 00:01:00]} {[%emt 00:00:20]} Kf7 {[%clk 00:00:50]}
{[%emt 00:00:15]} 42. Qxf5+ {[%clk 00:00:36]} {[%emt 00:00:54]} exf5 {[%clk
00:01:11]} {[%emt 00:00:10]} 43. Nd2 {[%clk 00:00:35]} {[%emt 00:00:31]} Bxb2
{[%clk 00:01:27]} {[%emt 00:00:15]} 44. a4 {[%clk 00:00:45]} {[%emt 00:00:20]}
Bc3 {[%clk 00:01:28]} {[%emt 00:00:28]} 45. Nc4 {[%clk 00:01:02]} {[%emt
00:00:13]} Ke6 {[%clk 00:01:12]} {[%emt 00:00:47]} 46. fxg4 {[%clk 00:00:46]}
{[%emt 00:00:45]} fxg4 {[%clk 00:01:15]} {[%emt 00:00:28]} 47. h3 {[%clk
00:01:02]} {[%emt 00:00:14]} Kd5 {[%clk 00:01:25]} {[%emt 00:00:20]} 48. Ne3+
{[%clk 00:00:39]} {[%emt 00:00:52]} Ke4 {[%clk 00:01:38]} {[%emt 00:00:17]} 49.
Nc4 {[%clk 00:00:47]} {[%emt 00:00:22]} Kd5 {[%clk 00:01:15]} {[%emt 00:00:53]}
50. Ne3+ {[%clk 00:00:37]} {[%emt 00:00:40]} Ke4 {[%clk 00:01:37]} {[%emt
00:00:09]} 51. Nc4 {[%clk 00:00:34]} {[%emt 00:00:32]} Kd5 {[%emt 00:00:58]}
1/2-1/2

[Event "Championnat de la Réunion Individuel 2026"]
[Site "Reunion"]
[Date "????.??.??"]
[Round "1.2"]
[White "HAMON, Christian"]
[Black "RANARIVELO, Sacha"]
[Result "1-0"]
[WhiteTitle "-"]
[BlackTitle "-"]
[WhiteFideId "-"]
[BlackFideId "-"]
[WhiteElo "1875"]
[BlackElo "1791"]

1. d4 {[%clk 01:15:56]} {[%emt 00:00:02]} Nf6 {[%clk 01:15:38]} {[%emt
00:00:23]} 2. Nf3 {[%clk 01:16:21]} {[%emt 00:00:04]} d5 {[%clk 01:14:58]}
{[%emt 00:01:11]} 3. e3 {[%clk 01:16:43]} {[%emt 00:00:09]} e6 {[%clk
01:13:02]} {[%emt 00:02:26]} 4. Nbd2 {[%clk 01:16:54]} {[%emt 00:00:18]} Nbd7
{[%clk 01:11:59]} {[%emt 00:01:32]} 5. b3 {[%clk 01:17:05]} {[%emt 00:00:20]}
Bd6 {[%clk 01:10:23]} {[%emt 00:02:05]} 6. Bb2 {[%clk 01:17:09]} {[%emt
00:00:26]} Qe7 {[%clk 01:03:40]} {[%emt 00:07:13]} 7. c4 {[%clk 01:12:55]}
{[%emt 00:04:45]} c6 {[%clk 01:03:32]} {[%emt 00:00:38]} 8. Be2 {[%clk
01:10:02]} {[%emt 00:03:22]} O-O {[%clk 00:59:22]} {[%emt 00:04:41]} 9. O-O
{[%clk 01:10:08]} {[%emt 00:00:24]} a6 {[%clk 00:58:37]} {[%emt 00:01:15]} 10.
Ne5 {[%clk 01:08:42]} {[%emt 00:01:55]} Ba3 {[%clk 00:56:18]} {[%emt 00:02:49]}
11. Qc2 {[%clk 01:03:23]} {[%emt 00:05:49]} Bxb2 {[%clk 00:55:47]} {[%emt
00:01:01]} 12. Qxb2 {[%clk 01:03:45]} {[%emt 00:00:08]} Ne4 {[%clk 00:48:25]}
{[%emt 00:07:52]} 13. Bd3 {[%clk 00:54:03]} {[%emt 00:10:12]} f5 {[%clk
00:43:17]} {[%emt 00:05:38]} 14. f3 {[%clk 00:40:39]} {[%emt 00:13:54]} Nxd2
{[%clk 00:39:17]} {[%emt 00:04:30]} 15. Qxd2 {[%clk 00:41:02]} {[%emt
00:00:07]} Nf6 {[%clk 00:34:07]} {[%emt 00:05:40]} 16. Rae1 {[%clk 00:40:20]}
{[%emt 00:01:12]} Bd7 {[%clk 00:34:25]} {[%emt 00:00:12]} 17. c5 {[%clk
00:37:33]} {[%emt 00:03:17]} Be8 {[%clk 00:29:07]} {[%emt 00:05:49]} 18. e4
{[%clk 00:33:14]} {[%emt 00:04:49]} fxe4 {[%clk 00:26:55]} {[%emt 00:02:42]} 19.
fxe4 {[%clk 00:33:31]} {[%emt 00:00:13]} Rd8 {[%emt 00:05:50]} 20. exd5 {[%clk
00:32:18]} {[%emt 00:01:37]} cxd5 {[%clk 00:21:22]} {[%emt 00:00:49]} 21. a4
{[%clk 00:29:48]} {[%emt 00:03:00]} Ne4 {[%clk 00:12:51]} {[%emt 00:09:01]} 22.
Rxf8+ {[%clk 00:29:22]} {[%emt 00:00:56]} Qxf8 {[%clk 00:13:00]} {[%emt
00:00:20]} 23. Bxe4 {[%clk 00:29:30]} {[%emt 00:00:22]} dxe4 {[%clk 00:13:16]}
{[%emt 00:00:13]} 24. Rxe4 {[%clk 00:29:30]} {[%emt 00:00:31]} Qxc5 {[%clk
00:11:43]} {[%emt 00:02:03]} 25. Qe3 {[%clk 00:18:43]} {[%emt 00:11:16]} Qa3
{[%clk 00:10:56]} {[%emt 00:01:18]} 26. h3 {[%clk 00:17:15]} {[%emt 00:01:57]}
b5 {[%clk 00:07:06]} {[%emt 00:04:20]} 27. axb5 {[%clk 00:13:50]} {[%emt
00:03:55]} axb5 {[%clk 00:07:31]} {[%emt 00:00:05]} 28. Nf3 {[%clk 00:12:13]}
{[%emt 00:02:07]} h6 {[%clk 00:05:02]} {[%emt 00:03:00]} 29. Rg4 {[%clk
00:10:29]} {[%emt 00:02:14]} Kh8 {[%clk 00:03:35]} {[%emt 00:01:56]} 30. Qe5
{[%clk 00:08:04]} {[%emt 00:02:56]} Qf8 {[%clk 00:03:28]} {[%emt 00:00:36]} 31.
Nh4 {[%clk 00:06:37]} {[%emt 00:01:57]} Kh7 {[%clk 00:02:06]} {[%emt 00:01:52]}
32. Qe4+ {[%clk 00:06:33]} {[%emt 00:00:35]} Kg8 {[%clk 00:02:17]} {[%emt
00:00:19]} 33. Qxe6+ {[%clk 00:06:23]} {[%emt 00:00:40]} Qf7 {[%clk 00:02:33]}
{[%emt 00:00:14]} 34. Qe3 {[%clk 00:04:43]} {[%emt 00:02:10]} Rd6 {[%clk
00:02:28]} {[%emt 00:00:35]} 35. Rf4 {[%clk 00:04:48]} {[%emt 00:00:25]} Rf6
{[%clk 00:02:13]} {[%emt 00:00:45]} 36. Rxf6 {[%clk 00:04:34]} {[%emt
00:00:44]} gxf6 {[%emt 00:00:04]} 37. Nf5 {[%emt 00:00:19]} Qh5 {[%clk
00:01:03]} {[%emt 00:01:16]} 38. Nxh6+ {[%clk 00:04:32]} {[%emt 00:00:33]} Kf8
{[%clk 00:01:21]} {[%emt 00:00:12]} 39. Ng4 {[%clk 00:04:05]} {[%emt 00:00:57]}
Kg7 {[%clk 00:01:26]} {[%emt 00:00:24]} 40. Qe7+ {[%clk 00:04:22]} {[%emt
00:00:13]} Bf7 {[%clk 00:01:41]} {[%emt 00:00:15]} 41. Qxf6+ {[%clk 00:04:33]}
{[%emt 00:00:19]} 1-0

[Event "Championnat de la Réunion Individuel 2026"]
[Site "Reunion"]
[Date "????.??.??"]
[Round "1.3"]
[White "PAYET, Nathan"]
[Black "FRANCOU, Yvon-Johann"]
[Result "1-0"]
[WhiteTitle "-"]
[BlackTitle "-"]
[WhiteFideId "-"]
[BlackFideId "-"]
[WhiteElo "1913"]
[BlackElo "1810"]

1. e4 {[%clk 01:15:55]} {[%emt 00:00:04]} d6 {[%clk 01:15:36]} {[%emt
00:00:25]} 2. d4 {[%clk 01:16:21]} {[%emt 00:00:04]} Nf6 {[%clk 01:15:36]}
{[%emt 00:00:30]} 3. Nc3 {[%clk 01:16:38]} {[%emt 00:00:13]} e5 {[%clk
01:15:23]} {[%emt 00:00:43]} 4. Nf3 {[%clk 01:16:55]} {[%emt 00:00:13]} Nbd7
{[%clk 01:15:28]} {[%emt 00:00:25]} 5. Rg1 {[%clk 01:17:00]} {[%emt 00:00:25]}
exd4 {[%clk 01:09:13]} {[%emt 00:06:46]} 6. Nxd4 {[%clk 01:15:58]} {[%emt
00:01:31]} Nc5 {[%clk 01:05:00]} {[%emt 00:04:43]} 7. f3 {[%clk 01:10:21]}
{[%emt 00:06:07]} Qe7 {[%clk 00:57:34]} {[%emt 00:07:55]} 8. Qe2 {[%clk
01:05:03]} {[%emt 00:05:48]} g6 {[%clk 00:55:04]} {[%emt 00:03:01]} 9. Bg5
{[%clk 00:54:53]} {[%emt 00:10:40]} c6 {[%clk 00:49:17]} {[%emt 00:06:17]} 10.
O-O-O {[%clk 00:50:06]} {[%emt 00:05:17]} Ne6 {[%clk 00:47:17]} {[%emt
00:02:30]} 11. Nxe6 {[%clk 00:35:55]} {[%emt 00:14:41]} Qxe6 {[%clk 00:47:29]}
{[%emt 00:00:18]} 12. g3 {[%clk 00:30:56]} {[%emt 00:05:29]} h6 {[%clk
00:45:41]} {[%emt 00:02:18]} 13. Bh3 {[%clk 00:26:51]} {[%emt 00:04:36]} Qxh3
{[%clk 00:44:31]} {[%emt 00:01:39]} 14. Bxf6 {[%clk 00:26:54]} {[%emt
00:00:27]} Rg8 {[%clk 00:44:23]} {[%emt 00:00:38]} 15. g4 {[%clk 00:27:05]}
{[%emt 00:00:19]} g5 {[%clk 00:43:16]} {[%emt 00:01:37]} 16. Rg3 {[%clk
00:26:38]} {[%emt 00:00:58]} Qh4 {[%clk 00:43:36]} {[%emt 00:00:10]} 17. Qg2
{[%clk 00:26:00]} {[%emt 00:01:07]} Rg6 {[%clk 00:41:06]} {[%emt 00:02:59]} 18.
e5 {[%clk 00:24:01]} {[%emt 00:02:30]} d5 {[%clk 00:36:04]} {[%emt 00:05:32]}
19. Rh3 {[%clk 00:23:39]} {[%emt 00:00:52]} Qxh3 {[%clk 00:36:24]} {[%emt
00:00:11]} 20. Qxh3 {[%clk 00:24:07]} {[%emt 00:00:01]} Be6 {[%clk 00:36:34]}
{[%emt 00:00:20]} 21. Qg3 {[%clk 00:21:13]} {[%emt 00:03:25]} Bc5 {[%clk
00:36:49]} {[%emt 00:00:15]} 22. Ne2 {[%clk 00:20:28]} {[%emt 00:01:15]} Be3+
{[%clk 00:36:47]} {[%emt 00:00:32]} 23. Kb1 {[%clk 00:20:50]} {[%emt 00:00:08]}
c5 {[%clk 00:37:02]} {[%emt 00:00:15]} 24. Nc3 {[%clk 00:20:10]} {[%emt
00:01:10]} d4 {[%clk 00:36:29]} {[%emt 00:01:03]} 25. Ne4 {[%clk 00:16:14]}
{[%emt 00:04:25]} b6 {[%clk 00:36:37]} {[%emt 00:00:23]} 26. c3 {[%clk
00:15:44]} {[%emt 00:01:01]} a5 {[%clk 00:36:15]} {[%emt 00:00:52]} 27. cxd4
{[%clk 00:15:29]} {[%emt 00:00:45]} cxd4 {[%clk 00:36:28]} {[%emt 00:00:17]} 28.
Qe1 {[%clk 00:15:08]} {[%emt 00:00:50]} Bd5 {[%clk 00:33:48]} {[%emt 00:03:10]}
29. Qe2 {[%clk 00:13:13]} {[%emt 00:02:25]} Bc6 {[%clk 00:31:51]} {[%emt
00:02:28]} 30. Nd6+ {[%clk 00:12:35]} {[%emt 00:01:08]} Kd7 {[%clk 00:31:09]}
{[%emt 00:01:12]} 31. Nf5 {[%clk 00:12:32]} {[%emt 00:00:33]} Rxf6 {[%clk
00:28:23]} {[%emt 00:03:16]} 32. exf6 {[%clk 00:11:04]} {[%emt 00:01:58]} Bf4
{[%clk 00:28:13]} {[%emt 00:00:39]} 33. Rxd4+ {[%clk 00:11:07]} {[%emt
00:00:28]} Kc7 {[%clk 00:28:38]} {[%emt 00:00:04]} 34. Qe7+ {[%clk 00:11:12]}
{[%emt 00:00:23]} 1-0

[Event "Championnat de la Réunion Individuel 2026"]
[Site "Reunion"]
[Date "????.??.??"]
[Round "1.4"]
[White "HOARAU, Antoine"]
[Black "FRELICOT, Eric"]
[Result "0-1"]
[WhiteTitle "-"]
[BlackTitle "-"]
[WhiteFideId "-"]
[BlackFideId "-"]
[WhiteElo "1820"]
[BlackElo "1724"]

1. d4 {[%clk 01:15:57]} {[%emt 00:00:03]} d5 {[%clk 01:15:36]} {[%emt
00:00:24]} 2. c4 {[%clk 01:16:21]} {[%emt 00:00:06]} c6 {[%clk 01:15:08]}
{[%emt 00:00:59]} 3. Nc3 {[%clk 01:16:44]} {[%emt 00:00:06]} Nf6 {[%clk
01:15:28]} {[%emt 00:00:10]} 4. e3 {[%clk 01:17:09]} {[%emt 00:00:05]} a6
{[%clk 01:15:41]} {[%emt 00:00:16]} 5. Nf3 {[%clk 01:03:10]} {[%emt 00:14:29]}
g6 {[%clk 01:10:49]} {[%emt 00:05:23]} 6. Bd3 {[%clk 01:02:42]} {[%emt
00:00:58]} Bg7 {[%clk 01:06:43]} {[%emt 00:04:36]} 7. h3 {[%clk 01:00:09]}
{[%emt 00:03:03]} O-O {[%clk 01:06:13]} {[%emt 00:01:00]} 8. O-O {[%clk
01:00:32]} {[%emt 00:00:07]} b5 {[%clk 00:53:10]} {[%emt 00:13:33]} 9. cxd5
{[%clk 00:46:46]} {[%emt 00:14:16]} cxd5 {[%clk 00:53:30]} {[%emt 00:00:10]} 10.
Qb3 {[%clk 00:45:26]} {[%emt 00:01:49]} Nc6 {[%clk 00:49:27]} {[%emt 00:04:33]}
11. Ne5 {[%clk 00:43:35]} {[%emt 00:02:21]} Bb7 {[%clk 00:44:16]} {[%emt
00:05:42]} 12. a4 {[%clk 00:42:14]} {[%emt 00:01:51]} Nxe5 {[%clk 00:34:13]}
{[%emt 00:10:33]} 13. dxe5 {[%clk 00:42:38]} {[%emt 00:00:07]} Nd7 {[%clk
00:33:27]} {[%emt 00:01:16]} 14. axb5 {[%clk 00:35:32]} {[%emt 00:07:36]} Nc5
{[%clk 00:30:51]} {[%emt 00:03:05]} 15. Qc2 {[%clk 00:35:44]} {[%emt 00:00:17]}
Nxd3 {[%clk 00:29:33]} {[%emt 00:01:49]} 16. Qxd3 {[%clk 00:36:04]} {[%emt
00:00:09]} axb5 {[%clk 00:29:15]} {[%emt 00:00:48]} 17. Rxa8 {[%clk 00:21:27]}
{[%emt 00:15:07]} Qxa8 {[%clk 00:28:42]} {[%emt 00:01:04]} 18. Qd4 {[%clk
00:20:01]} {[%emt 00:01:56]} e6 {[%clk 00:16:35]} {[%emt 00:12:37]} 19. Nxb5
{[%clk 00:15:53]} {[%emt 00:04:38]} Bc6 {[%clk 00:15:47]} {[%emt 00:01:18]} 20.
Nc3 {[%clk 00:15:01]} {[%emt 00:01:21]} Qb8 {[%clk 00:14:59]} {[%emt 00:01:18]}
21. Qc5 {[%clk 00:13:28]} {[%emt 00:02:03]} Rc8 {[%clk 00:14:45]} {[%emt
00:00:43]} 22. f4 {[%clk 00:13:41]} {[%emt 00:00:18]} Bf8 {[%clk 00:13:52]}
{[%emt 00:01:22]} 23. Qd4 {[%clk 00:12:18]} {[%emt 00:01:54]} Ba8 {[%clk
00:13:48]} {[%emt 00:00:34]} 24. Qd3 {[%clk 00:10:56]} {[%emt 00:01:51]} Qb7
{[%clk 00:10:50]} {[%emt 00:03:28]} 25. Qb5 {[%clk 00:09:03]} {[%emt 00:02:23]}
Qa7 {[%clk 00:10:01]} {[%emt 00:01:19]} 26. Rd1 {[%clk 00:07:11]} {[%emt
00:02:21]} Rb8 {[%clk 00:08:31]} {[%emt 00:02:00]} 27. Qd3 {[%clk 00:06:53]}
{[%emt 00:00:48]} Rb3 {[%clk 00:05:10]} {[%emt 00:03:51]} 28. Kh2 {[%clk
00:06:08]} {[%emt 00:01:15]} Qb7 {[%clk 00:05:26]} {[%emt 00:00:14]} 29. Qe2
{[%clk 00:06:09]} {[%emt 00:00:29]} Bb4 {[%clk 00:05:18]} {[%emt 00:00:38]} 30.
Qc2 {[%clk 00:04:15]} {[%emt 00:02:25]} Bxc3 {[%clk 00:04:45]} {[%emt
00:01:03]} 31. bxc3 {[%clk 00:04:33]} {[%emt 00:00:11]} Rb5 {[%clk 00:03:50]}
{[%emt 00:01:26]} 32. Rd2 {[%clk 00:04:02]} {[%emt 00:01:01]} Rc5 {[%clk
00:03:37]} {[%emt 00:00:43]} 33. Ba3 {[%clk 00:04:13]} {[%emt 00:00:19]} Rc4
{[%clk 00:03:40]} {[%emt 00:00:27]} 34. Bb4 {[%clk 00:03:58]} {[%emt 00:00:45]}
Qc6 {[%clk 00:02:45]} {[%emt 00:01:25]} 35. Qd3 {[%clk 00:03:09]} {[%emt
00:01:18]} Bb7 {[%clk 00:02:47]} {[%emt 00:00:29]} 36. Ra2 {[%clk 00:02:40]}
{[%emt 00:00:59]} Kg7 {[%clk 00:02:16]} {[%emt 00:01:01]} 37. h4 {[%clk
00:02:10]} {[%emt 00:00:58]} Ba6 {[%clk 00:00:55]} {[%emt 00:01:52]} 38. Qd2
{[%clk 00:02:26]} {[%emt 00:00:15]} Bb7 {[%clk 00:00:43]} {[%emt 00:00:43]} 39.
h5 {[%clk 00:02:17]} {[%emt 00:00:38]} g5 {[%clk 00:00:48]} {[%emt 00:00:24]}
40. h6+ {[%clk 00:01:39]} {[%emt 00:01:08]} Kxh6 {[%clk 00:01:11]} {[%emt
00:00:07]} 41. Bf8+ {[%clk 00:02:03]} {[%emt 00:00:06]} Kg6 {[%clk 00:01:29]}
{[%emt 00:00:12]} 42. Qd3+ {[%clk 00:01:21]} {[%emt 00:01:12]} Re4 {[%clk
00:01:41]} {[%emt 00:00:18]} 43. fxg5 {[%clk 00:01:01]} {[%emt 00:00:50]} Qc4
{[%clk 00:01:48]} {[%emt 00:00:24]} 44. Qf1 {[%clk 00:00:46]} {[%emt 00:00:45]}
Qxf1 {[%clk 00:01:56]} {[%emt 00:00:21]} 45. Ra7 {[%clk 00:00:56]} {[%emt
00:00:21]} Ba6 {[%clk 00:02:07]} {[%emt 00:00:19]} 46. Be7 {[%clk 00:01:05]}
{[%emt 00:00:21]} Qf2 {[%clk 00:02:16]} {[%emt 00:00:20]} 47. Ra8 {[%clk
00:01:19]} {[%emt 00:00:16]} Rh4# {[%clk 00:02:07]} {[%emt 00:00:07]} 0-1

[Event "Championnat de la Réunion Individuel 2026"]
[Site "Reunion"]
[Date "????.??.??"]
[Round "1.5"]
[White "CAVILLOT-DELESTAGE, Raphael"]
[Black "LAMBERT HOAREAU, Guillaume"]
[Result "0-1"]
[WhiteTitle "-"]
[BlackTitle "-"]
[WhiteFideId "-"]
[BlackFideId "-"]
[WhiteElo "1791"]
[BlackElo "1901"]

1. e4 {[%clk 01:15:56]} {[%emt 00:00:04]} c5 {[%clk 01:15:44]} {[%emt
00:00:17]} 2. d4 {[%clk 01:16:18]} {[%emt 00:00:07]} cxd4 {[%clk 01:16:08]}
{[%emt 00:00:06]} 3. c3 {[%clk 01:16:42]} {[%emt 00:00:06]} Nf6 {[%clk
01:16:25]} {[%emt 00:00:12]} 4. e5 {[%clk 01:17:07]} {[%emt 00:00:06]} Nd5
{[%clk 01:16:46]} {[%emt 00:00:08]} 5. Nf3 {[%clk 01:17:29]} {[%emt 00:00:08]}
Nc6 {[%clk 01:16:56]} {[%emt 00:00:21]} 6. Bc4 {[%clk 01:17:34]} {[%emt
00:00:24]} Nb6 {[%clk 01:17:10]} {[%emt 00:00:17]} 7. Bb3 {[%clk 01:17:53]}
{[%emt 00:00:11]} d6 {[%clk 01:17:13]} {[%emt 00:00:28]} 8. exd6 {[%clk
01:17:54]} {[%emt 00:00:28]} Qxd6 {[%clk 01:17:20]} {[%emt 00:00:23]} 9. O-O
{[%clk 01:17:22]} {[%emt 00:01:02]} Be6 {[%clk 01:17:21]} {[%emt 00:00:30]} 10.
Nxd4 {[%clk 01:11:18]} {[%emt 00:06:34]} Nxd4 {[%clk 01:15:04]} {[%emt
00:02:46]} 11. Qxd4 {[%clk 01:09:58]} {[%emt 00:01:50]} Qxd4 {[%clk 01:14:48]}
{[%emt 00:00:47]} 12. cxd4 {[%clk 01:10:23]} {[%emt 00:00:05]} Bxb3 {[%clk
01:12:31]} {[%emt 00:02:48]} 13. axb3 {[%clk 01:10:46]} {[%emt 00:00:06]} e6
{[%clk 01:11:38]} {[%emt 00:01:23]} 14. Na3 {[%clk 01:05:58]} {[%emt 00:05:18]}
a6 {[%clk 01:08:01]} {[%emt 00:04:07]} 15. Bf4 {[%clk 01:00:07]} {[%emt
00:06:21]} Nd5 {[%clk 00:58:32]} {[%emt 00:09:58]} 16. Bg3 {[%clk 00:56:16]}
{[%emt 00:04:20]} Bxa3 {[%clk 00:39:21]} {[%emt 00:19:42]} 17. bxa3 {[%clk
00:55:33]} {[%emt 00:01:13]} Rc8 {[%clk 00:39:37]} {[%emt 00:00:14]} 18. Rac1
{[%clk 00:54:34]} {[%emt 00:01:28]} Nc3 {[%clk 00:38:58]} {[%emt 00:01:10]} 19.
Kh1 {[%clk 00:53:37]} {[%emt 00:01:26]} Ke7 {[%clk 00:33:46]} {[%emt 00:05:44]}
20. a4 {[%clk 00:40:31]} {[%emt 00:13:36]} Ne2 {[%clk 00:30:46]} {[%emt
00:03:29]} 21. Rc4 {[%clk 00:38:56]} {[%emt 00:02:04]} Rhd8 {[%clk 00:27:15]}
{[%emt 00:04:02]} 22. Bc7 {[%clk 00:28:12]} {[%emt 00:11:14]} Rd7 {[%clk
00:11:24]} {[%emt 00:16:22]} 23. Bd6+ {[%clk 00:27:12]} {[%emt 00:01:29]} Kd8
{[%clk 00:11:49]} {[%emt 00:00:05]} 24. Bc5 {[%clk 00:26:15]} {[%emt 00:01:26]}
Ke8 {[%clk 00:09:30]} {[%emt 00:02:49]} 25. g3 {[%clk 00:18:47]} {[%emt
00:07:59]} Nxd4 {[%clk 00:07:10]} {[%emt 00:02:50]} 26. Rxd4 {[%clk 00:14:06]}
{[%emt 00:05:11]} Rxc5 {[%clk 00:07:28]} {[%emt 00:00:12]} 27. Rfd1 {[%clk
00:13:59]} {[%emt 00:00:36]} Rcd5 {[%clk 00:07:26]} {[%emt 00:00:32]} 28. Rxd5
{[%clk 00:13:52]} {[%emt 00:00:38]} exd5 {[%clk 00:07:06]} {[%emt 00:00:50]} 29.
Kg2 {[%clk 00:14:03]} {[%emt 00:00:18]} Ke7 {[%clk 00:07:31]} {[%emt 00:00:05]}
30. Kf3 {[%clk 00:13:30]} {[%emt 00:01:04]} Kd6 {[%clk 00:07:41]} {[%emt
00:00:20]} 31. Ke3 {[%clk 00:11:08]} {[%emt 00:02:51]} Kc5 {[%clk 00:06:29]}
{[%emt 00:01:43]} 32. Rd4 {[%clk 00:10:06]} {[%emt 00:01:32]} Re7+ {[%clk
00:06:15]} {[%emt 00:00:45]} 33. Kd3 {[%clk 00:10:31]} {[%emt 00:00:04]} a5
{[%clk 00:05:02]} {[%emt 00:01:43]} 34. f3 {[%clk 00:10:00]} {[%emt 00:01:01]}
g5 {[%clk 00:04:18]} {[%emt 00:01:14]} 35. h4 {[%clk 00:09:58]} {[%emt
00:00:32]} h6 {[%clk 00:04:20]} {[%emt 00:00:29]} 36. hxg5 {[%clk 00:10:01]}
{[%emt 00:00:26]} hxg5 {[%clk 00:04:44]} {[%emt 00:00:06]} 37. f4 {[%clk
00:08:31]} {[%emt 00:02:00]} Re1 {[%clk 00:03:47]} {[%emt 00:01:28]} 38. Kd2
{[%clk 00:08:29]} {[%emt 00:00:32]} Kxd4 {[%clk 00:04:10]} {[%emt 00:00:07]} 39.
Kxe1 {[%clk 00:08:55]} {[%emt 00:00:04]} gxf4 {[%clk 00:04:36]} {[%emt
00:00:04]} 40. gxf4 {[%clk 00:09:19]} {[%emt 00:00:06]} Ke4 {[%clk 00:05:01]}
{[%emt 00:00:06]} 0-1